000 00786cam a22002531 4500
999 _c4933
_d4933
001 2175300
003 GBCCL
005 20241126110530.0
008 700914s1968 tnu b 000 0 eng
010 _a 68015851
040 _aDLC
_cDLC
_dDLC
050 0 0 _aBV200
_b.E3
082 0 0 _a249
_bEDE
100 1 _aEdens, David,
_d1926-
_98956
245 1 0 _aMaking the most of family worship
_c[by] David and Virginia Edens.
260 _aNashville,
_bBroadman Press
_c[1968]
300 _a128 p.
_c20 cm.
504 _aIncludes bibliographical references.
650 0 _aFamilies
_xReligious life.
_91360
650 0 _aFamilies
_vPrayers and devotions.
_96191
700 1 _aEdens, Virginia,
_ejoint author.
_98957
906 _a7
_bcbc
_corignew
_du
_encip
_f19
_gy-gencatlg
942 _2ddc
_cBK
_012